000 00691nam a2200265Ia 4500
001 39083
005 20240114002038.0
007 ta
008 070810s1917 a g b000 u 465 u
040 _aCotton College,Assam
041 _a465
082 _a181.46
_bUi 1 V
100 _aUI, H .
245 0 _aThe Vaisesika Philosophy /
_cH. UI.
_hTextual Documents
250 _a1st ed. /
260 _aLondon :
_bRoyal Asiatic Society ,
_c1917.
300 _a265p. :
_bill ;
_c22cm .
653 _aIndian Philosophy
653 _aVaisesika Philosophy
653 _aG-Philosophy
700 _aThomas, F.W. .
942 _2ddc
_cBK
999 _c39055
_d39055